Influencer marketing v cestovnom ruchu diplomová práca

Na minha lista:
Detalhes bibliográficos
Autor principal: Barami, Oskar
Autor Corporativo: Obchodná fakulta EU. Katedra cestovného ruchu
Outros Autores: Dula, Radúz, 1979-
Formato: Livro
Idioma:eslovaco
Publicado em: Bratislava 2024
Tags: Adicionar Tag
Sem tags, seja o primeiro a adicionar uma tag!

MARC

LEADER 00000nbm a2200000 4500
001 0302510
005 20250818093249.9
041 0 |a slo 
044 |a SK 
245 1 0 |a Influencer marketing v cestovnom ruchu  |b diplomová práca  |c Oskar Barami ; školiteľ: Radúz Dula 
264 1 |a Bratislava  |c 2024 
300 |a 74 s. 
100 1 |a Barami, Oskar 
700 1 |a Dula, Radúz, 1979- 
710 2 |a Obchodná fakulta EU. Katedra cestovného ruchu